000 00587na a2200217 4500
001 14510
003 MIRAKIL
005 20181213154857.0
008 160829b tu 000 0
035 _a14473
040 _aMilas
_btur
_cTR-AnCHP
082 _aDAN 411.5
_bM37t [2007]
090 _aDAN 411.5 M37t [2007]
100 _aMete, Şener
245 _aTelaffuz sözlüğü
_cŞener Mete
260 _aAnkara
_bRTÜK
_c[2007]
300 _axxv, 606 s.
_c20 sm.
650 _aTürk dili
_xTelaffuz
_ySözlükler
650 _aTürk dili
_xDiksiyon
_ySözlükler
942 _2ddc
_cBKS
999 _c2437
_d2437